01823nam a2200469 i 450000100060000000300080000600500170001400600190003100700150005000800410006502000270010603500230013303500240015603500250018003500210020504000310022605000210025708000080027808000110028608200120029724500860030926400630039530000410045833600310049933700330053033800430056349000680060650000230067450400290069758801250072659001640085165100250101565100290104065100220106965100250109165500270111670000420114379700190118583000700120485600620127499900170133622001FlNmELB20241216213954.0m o d | cr cnu||||||||150428s2014 sp ob 001 0 spa d a9788416272488 (e-book) a(MiAaPQ)EBC3228760 a(Au-PeEL)EBL3228760 a(CaPaEBR)ebr11038851 a(OCoLC)992074283 aFINmELBbspaerdacFINmELB 4aDS821bJ359 2014 a327 a930.850 a95222300aJapón y Occidente :bestudios comparados /cCarmen Tirado Robles, coordinadora. 1aZaragoza :bPrensas de la Universidad de Zaragoza,c[2014] a1 recurso en línea (397 páginas) atextobtxt2rdacontent/spa acomputadorabc2rdamedia/spa arecurso en líneabcr2rdacarrier/spa1 aColección Federico Torralba de Estudios de Asia Oriental ;v5 aContiene índice. aContiene bibliografía. aDescripción basada en recurso en línea; Título de la página del título en PDF (e-libro, visto April 28, 2015). aRecurso electrónico. Santa Fe, Arg.: e-libro, 2015. Disponible vía World Wide Web. El acceso puede estar limitado para las bibliotecas afiliadas a e-libro. 0aJapanxCivilization. 4aJapónxCivilización. 0aJapanxRelations. 4aJapónxRelaciones. 4aLibros electrónicos.1 aTirado Robles, Carmen,ecoordinadora.2 ae-libro, Corp. 0aColección Federico Torralba de Estudios de Asia Oriental. ;v5.40uhttps://elibro.net/ereader/politecnicointernacional/43927 c22001d22001